00565nam a2200181Ia 4500008004100000082001600041100003200057245005100089250000800140260002900148300001100177500002400188650001500212700002600227942000700253952010600260999001700366230524s9999 xx 000 0 und d a621.38bFAU aLuces M.Faulkenberry925430 0aElectrical Power Distribution and Transmission aIST aNEW DELHIbPearsonc2007 aIX;569 aQuantity Number: 1 aElectrical a Walter Coffer925431 cBK 00104070aTATCLbTATCLcGENd2023-05-24l0o621.38 FAUp18612r2023-05-24w2023-05-24yBKzCPEC5203 c37456d37456